| 000 | 00519cam a2200205ua 4500 | ||
|---|---|---|---|
| 001 | 5103 | ||
| 005 | 20260515113832.0 | ||
| 008 | 120303n ii |||gr||||Z||||||eng | ||
| 020 | _a0-19-560693-0 | ||
| 040 | _cMAIN | ||
| 082 | _a821 | ||
| 100 |
_aPope, Alexander, _eAuthor., |
||
| 245 | 1 | 1 |
_aThe rape of the lock _cby Alexander Pope |
| 250 | _a13th. | ||
| 260 |
_aNew Delhi: _bOxford university press, _c1993. |
||
| 300 |
_a148p: _c15cm. |
||
| 653 | _aEnglish poetry | ||
| 700 |
_aKaul, R. K., _eEditor. |
||
| 942 | _cBK | ||
| 999 |
_c4283 _d4283 |
||